| 000 | 00707nam a2200253Ia 4500 | ||
|---|---|---|---|
| 003 | OSt | ||
| 005 | 20220925233654.0 | ||
| 006 | a|||||r|||| 00| 0 | ||
| 007 | ta | ||
| 008 | 220923b |||||||| |||| 00| 0 eng d | ||
| 020 | _a8170410835 | ||
| 037 | _cGeneral Book | ||
| 040 |
_aRTL _cRTL _beng |
||
| 041 |
_2eng _aeng |
||
| 082 | _aX93:991.2.N8, M8 | ||
| 100 | _aMittal D K | ||
| 245 | 0 | _aEmployment in public enterprises | |
| 260 |
_a New Delhi _bAnmol _c1988 |
||
| 300 |
_axxiv,275p _ccm. |
||
| 500 | _aBibliography P 191-275; Appendix P 153-190 | ||
| 650 | _aPublic Sector Economics | ||
| 942 |
_hX93:991.2.N8, M8 _cGB _2CC |
||
| 999 |
_c594238 _d594238 |
||